000 00458nam a2200181Ia 4500
999 _c37472
_d37472
003 OSt
005 20200929101937.0
008 190216s9999||||xx |||||||||||||| ||und||
020 _a8123907710
040 _coclc
082 _a597
_bGAR/E
100 _aGarg, S K
_95109
245 0 _aExperimental Ichthyology
260 _bCbs Publishers
_c2002
300 _a172p
650 _aZoology
942 _cBK
_2ddc
_h597
_iGAR/E
_k597
_mGAR/E